El proyecto Nº 39 de resolución técnica (Registro nro. 12309)
[ vista simple ]
| 000 -LEADER | |
|---|---|
| fixed length control field | 00337 a2200121 4500 |
| 001 - CONTROL NUMBER | |
| control field | ART_44138 |
| 005 - DATE AND TIME OF LATEST TRANSACTION | |
| control field | 20260410161629.0 |
| 008 - FIXED-LENGTH DATA ELEMENTS--GENERAL INFORMATION | |
| fixed length control field | 260409a |
| 100 1# - MAIN ENTRY--PERSONAL NAME | |
| Personal name | Díaz, Teresa |
| 245 10 - TITLE STATEMENT | |
| Title | El proyecto Nº 39 de resolución técnica |
| 700 1# - ADDED ENTRY--PERSONAL NAME | |
| Personal name | Pozzi, Nélida B. |
| 773 0# - HOST ITEM ENTRY | |
| Title | Enfoques |
| Related parts | - Nº 10 (oct. 2017) |
| Record control number | REV416 |
No hay ítems disponibles.